|
|
|
|
| LEADER |
01170nam a2200253 i 4500 |
| 003 |
GR-PaULI |
| 005 |
20220721112540.0 |
| 008 |
180214s2021 gr |||| |||| 000 0 gre d |
| 952 |
|
|
|0 0
|1 0
|2 ddc
|4 0
|6 070_400000000000000_ΜΠΑ
|7 0
|9 362758
|a LISP
|b LISP
|c BSC
|d 2022-07-21
|i 258042
|l 0
|o 070.4 ΜΠΑ
|p 025000294058
|r 2022-07-21 00:00:00
|t 1
|w 2022-07-21
|y BK15
|
| 999 |
|
|
|c 211958
|d 211958
|
| 020 |
|
|
|a 9789604356324
|
| 040 |
|
|
|a GR-PaULI
|b gre
|c GR-PaULI
|d GR-PaULI
|e AACR2
|
| 082 |
|
4 |
|2 23
|a 070.4
|
| 100 |
1 |
|
|9 28205
|a Μπακουνάκης, Νίκος Α.,
|d 1956-
|e συγγραφέας
|
| 245 |
1 |
0 |
|a Όταν έπεσα στο μελανοδοχείο /
|c Νίκος Μπακουνάκης.
|
| 260 |
|
|
|a Αθήνα :
|b Πόλις,
|c 2021.
|
| 300 |
|
|
|a 346 σ. ;
|c 21 εκ.
|
| 650 |
|
4 |
|9 140383
|a Δημοσιογραφία
|x Ιστορία
|z Ελλάδα
|
| 650 |
|
4 |
|9 156926
|a Δημοσιογράφοι, Έλληνες
|
| 650 |
|
4 |
|9 75668
|a Ελληνικές εφημερίδες
|x Ιστορία
|
| 650 |
|
4 |
|9 165727
|a Ελληνικά περιοδικά
|x Ιστορία
|y 20ός αιώνας
|
| 830 |
|
0 |
|a Historia (Πόλις)
|9 155828
|
| 942 |
|
|
|2 ddc
|c BK
|
| 998 |
|
|
|c ΓΚΟΓΚΟΥ
|d 2022-07
|